| 000 | 00548nam a22001937a 4500 | ||
|---|---|---|---|
| 003 | OSt | ||
| 005 | 20150429112109.0 | ||
| 008 | 150428b xxu||||| |||| 00| 0 eng d | ||
| 020 | _a0198503520 | ||
| 040 | _cDDC | ||
| 082 |
_222nd ed. _a530.41 TUR 2000 |
||
| 100 |
_aTurton, Richard _94241 |
||
| 245 | _aThe physics of solids | ||
| 260 |
_aOxford University Press _bOxford University Press _c2000 |
||
| 300 |
_axi, 418p; _bill: _c25cm |
||
| 504 | _aAppendices, answers, & index included | ||
| 650 |
_aPhysics of solids _94242 |
||
| 942 |
_2ddc _cO_SHELF |
||
| 999 |
_c1609 _d1609 |
||